|
|
|
|
| LEADER |
00000nab a2200000 a 4500 |
| 001 |
vtls000663146 |
| 003 |
SK-MaSNL |
| 005 |
20260304090517.0 |
| 008 |
250425c1998 xo 0 slo |
| 015 |
|
|
|a SNBRB1998/06-15901
|
| 035 |
|
|
|a CLN000015333
|
| 035 |
|
|
|a urn:nbn:sk:snk-ab7hhl
|
| 035 |
|
|
|a (urnnbn)urn:nbn:sk:snk:ar-005ssw
|
| 035 |
|
|
|a (uuid)cc012b41-bfce-4f39-8178-110258e19f18
|
| 040 |
|
|
|a SNKBUCL
|b slo
|c SNKBUCL
|e AACR2
|
| 041 |
0 |
|
|a slo
|
| 044 |
|
|
|a xo
|c SK
|
| 080 |
|
|
|a 930.25:061.3
|2 1997
|
| 100 |
1 |
|
|a Kartous, Peter,
|d 1943-
|4 aut
|9 100853
|
| 245 |
1 |
0 |
|a 32. medzinárodná konferencia Table ronde des Archives v Edinburgu
|c Peter Kartous
|
| 246 |
1 |
3 |
|a Tridsiata druhá medzinárodná konferencia Table ronde des Archives v Edinburgu
|
| 611 |
1 |
7 |
|a Table ronde des Archives
|n (32. :
|d 1997 :
|c Edinburg, Škótsko)
|2 snkbucl
|9 14429
|
| 650 |
0 |
7 |
|a archívnictvo
|2 SNKPH
|9 4219
|
| 655 |
|
7 |
|a články z novín a časopisov
|2 snkbucl
|9 267496
|
| 655 |
|
7 |
|a konferencie
|2 SNKPH
|9 285359
|
| 655 |
|
7 |
|a kongresy
|2 SNKPH
|9 433359
|
| 773 |
0 |
|
|t Slovenská archivistika
|g Roč. 33, č. 1 (1998), s. 173-175
|x 0231-6722
|
| 850 |
|
|
|a Slovenská národná knižnica
|
| 852 |
|
|
|a Slovenská národná knižnica
|
| 954 |
|
|
|a odborná, vedecká literatúra pôvodná (slovenská)
|2 lita
|
| 958 |
|
|
|a article7
|
| 958 |
|
|
|a GB
|
| 958 |
|
|
|a OND
|
| 958 |
|
|
|a EUIPO
|
| 992 |
|
|
|a RBX
|
| 999 |
|
|
|c 2811685
|d 2813615
|